000 00852nam a2200253 a 4500
001 000019439
005 20200929170022.0
008 100629s2005 sp ac 000 0 spa d
020 _a8497645723
040 _aDO-SdBNP
_bspa
_cBNPHU
082 _a920.7172
_bC957m
100 1 _aCruz García, Álvaro
_941731
245 1 0 _aMoctezuma /
_cÁlvaro Cruz García.
260 _aMadrid :
_bEdimat Libros,
_c2005.
300 _a199 p. :
_bil. ; retrs. ;
_c23 cm.
490 1 _aGrandes biografías
500 _aIncluye datos biográficos del autor en la solapa de la cubierta
504 _aIncluye bibliografías [p. 191-192]
600 1 4 _aMOCTEZUMA
_941732
650 4 _aMéxico
_xHistoria
_yDESCUBRIMIENTO Y CONQUISTA, 1517-1521
_941733
650 4 _aIndigenas de méxico
_zTenochtitlan
_941734
830 0 _aGrandes biografías
_911230
049 _aBNPD
999 _c18955
_d18955